| 000 | 03246cam a22004934i 4500 | ||
|---|---|---|---|
| 003 | PE-LiUPU | ||
| 005 | 20250731173235.0 | ||
| 008 | 150625s1963 sp r 000 0 spa d | ||
| 035 | _a(Sirsi) a34989 | ||
| 040 |
_aPE-LiUPU _bspa _cPE-LiUPU _dPE-LiUPU _erda |
||
| 041 | 1 |
_aspa _hger |
|
| 082 | 0 | 4 |
_a270.6 _bL842 _220 |
| 100 | 1 |
_aLortz, Joseph, _d1887-1975, _eautor. |
|
| 245 | 1 | 0 |
_aHistoria de la reforma / _cJoseph Lortz ; traducción Lucio García Ortega. |
| 264 | 1 |
_aMadrid : _bTauros, _c1963. |
|
| 300 |
_a2 Tomos, _c22 centímetros |
||
| 336 |
_atext _2rdacontent |
||
| 337 |
_aunmediated _2rdamedia |
||
| 338 |
_avolume _2rdacarrier |
||
| 505 | 0 |
_gTomo 1, _aPresupuesto. En vísperas de una nueva época -- De las causas de la reforma -- El prólogo histórico-eclesiástico (1300-1450) -- Las fuerzas políticas y las clases sociales en Alemania antes de la reforma -- La vida intelectual en Alemania antes de la reforma -- La vida religiosa antes de la reforma -- Las iglesias nacionales -- La nueva época: la reforma en Alemania -- La nueva configuración religiosa -- Fundamentación: el joven Lutero -- Los comienzos del luteranismo -- La decisión de la reforma (1521-1525). |
|
| 505 | 0 |
_gTomo 2, _aLa nueva estructura política -- Fuerzas principales. Política exterior -- Autoridades neocreyentes y derechos eclesiásticos -- El nacimiento del principio confesional y del principio político-confesional -- Progresos de la reforma y victoria del principio político-confesional -- Vida católica. Decadencia y renovación -- Continuidad de la vida católica en Alemania -- Comienzos de la reforma católica en Alemania -- Continuada decadencia y conciencia nueva en el catolicismo alemán -- Construcción católica -- La teología polémica católica -- Intentos de unión: Las soluciones teológicas -- La decisión por la lucha político-militar -- La política exterior es limitada -- La decisión por la guerra de Esmalcalda -- El resultado. El ínterim y sus consecuencias. |
|
| 526 | _aSEG42 | ||
| 526 | _aSEG41 | ||
| 526 | _aSEG40 | ||
| 526 | _aSEG39 | ||
| 526 | _aP94 | ||
| 526 | _aP87 | ||
| 526 | _aP86 | ||
| 526 | _aP85 | ||
| 526 | _aP77 | ||
| 526 | _aP76 | ||
| 526 | _aP35 | ||
| 534 |
_pTítulo original : _tDie reformation in deutschland según la 4a. edición alemana de 1962. |
||
| 650 | 0 | 4 |
_aIglesia _xHistoria _yReforma. |
| 700 | 1 |
_aGarcía Ortega, Lucio _etraductor. |
|
| 910 |
_ccsm _d20180730 |
||
| 942 |
_2ddc _cBOOK |
||
| 949 |
_a270.6 L84 2 _wDEWEY _c1 _i12277 _lCCODEBUL1 _mBUL _p00.00 _r0 _sY _tBOOK _u2015-06-25 _xBIBLIOTECA _zUNKNOWN _0COMPRA _o.STAFF. Colección General |
||
| 949 |
_a270.6 L84 2 _wDEWEY _c2 _i12276 _lCCODEBUL1 _mBUL _p00.00 _r0 _sY _tBOOK _u2015-06-25 _xBIBLIOTECA _zUNKNOWN _0COMPRA _o.STAFF. Colección General |
||
| 596 | _a1 | ||
| 999 |
_a270.6 L84 2 _wDEWEY _c42905 _i12277 _d42905 _e2017-6-4 _f2019-12-11 _g3 _lDISCARD _mBUL _n4 _p26.00 _q10 _r0 _sY _tBOOK _u2015-6-25 _xUNKNOWN _PP35 _0COMPRA _o.STAFF. Colección Teología |
||
| 999 |
_a270.6 L84 2 _wDEWEY _c2 _i12276 _d2019-6-11 _e2017-11-27 _f2021-11-12 _g5 _lCCODEBUL1 _mBUL _n7 _p26.00 _q10 _r0 _sY _tBOOK _u2015-6-25 _xTEOLOGIA _PP35 _0COMPRA _o.STAFF. Colección Teología |
||
| 980 |
_81 _gALBERTO SANCHEZ Responsable de Automatización |
||